LEADER 01295nam a2200265 u 4500 001 000000021663 003 CaOOAMICUS 005 20070226111034.0 008 950328s1958 fr u000 u fre u 035 $a10537842 040 $aPUL(R)$bita$dPUL(R) 100 1 $aOliger, Paul Remy,$cO.F.M.$0(OLS)http://pul/name/18547 245 14$aLes evêques réguliers :$brecherche sur leur condition juridique depuis les origines du monachisme jusq'à la fin du moyen-âge /$cPaul Remy Oliger. 260 $aParis-Louvain :$bDesclée De Brouwer,$cc1958. 300 $a221 p. ;$c24 cm 490 1 $aMuseum Lessianum.$aSection historique ;$v18 504 $aBibliografia: p. [209]-217. 650 4$aDiritto canonico.$0(OLS)http://pul/subject/1294 830 0$aMuseum Lessianum.$pSection historique ;$v18.$0(OLS)http://pul/title/3918 850 $aPUL 852 $aPUL$W1$xSL Diritto Canonico 1$y5$m150 E 6$j30439$nBK-PRI$b $qStampati$B30439$CPULBib$Z2$F30439 $H $81 941 1 $a8 961 $aINV: 49410 996 $6245$aLes evêques réguliers :$brecherche sur leur condition juridique depuis les origines du monachisme jusq'à la fin du moyen-âge$9(OLS)http://pul/title/30301 996 $6260$aParis-Louvain :$bDesclée De Brouwer$9(OLS)http://pul/publisher/57260 LEADER 01062nam a2200277 u 4500 001 000000058475 003 CaOOAMICUS 005 20070226120709.0 008 010605s1999 it a u000 u ita u 020 $a8879991388 035 $a10891476 040 $aMSA$bita$dPUL(R) 100 1 $aVasale, Claudio.$0(OLS)http://pul/name/855 245 13$aLa metafora della politica :$bpotere e società /$cClaudio Vasale. 250 $a2 ed. 260 $aRoma :$bAracne,$c1999. 300 $a220 p. :$bill. ;$c24 cm 504 $aBibliografia in nota. 650 4$aPolitica.$0(OLS)http://pul/subject/480 850 $aPUL 852 $aPUL$W1$xDP2 Diritto e Scienze Sociali 3$y110$m320 VASCL 1$j176674$nBK-PRI$b $qDDC 21$B76389$CPULBib$Z2$F76389 $H84833 $81 941 1 $a9 961 $aPrecedente collocazione: Fil 71 996 $6020$a8879991388$9(OLS)http://pul/number/74108 996 $6245$aLa metafora della politica :$bpotere e società$9(OLS)http://pul/title/78338 996 $6260$aRoma :$bAracne$9(OLS)http://pul/publisher/62189